00159 a2200073 450000100060000010000170000624500330002326000290005640909 aMertnel, J A abasic engineering principles aWest PartbAvi Pubs Coc